[Event "SLO-chT 28th"]
[Site "Slovenia"]
[Date "2018.12.16"]
[Round "9.4"]
[White "Zupancic, Urban"]
[Black "Trcek, Zdenko"]
[Result "1-0"]
[WhiteElo "1973"]
[BlackElo "1829"]
[PlyCount "73"]
[EventDate "2018.11.02"]
[EventType "team-tourn"]
[EventRounds "9"]
[EventCountry "SLO"]
[SourceTitle "CBM 187 Extra"]
[Source "ChessBase"]
[SourceDate "2018.11.04"]
[SourceVersion "1"]
[SourceVersionDate "2018.11.04"]
[SourceQuality "1"]
[WhiteTeam "Novo Mesto Krka"]
[BlackTeam "Vrhnika"]
[WhiteTeamCountry "SLO"]
[BlackTeamCountry "SLO"]

1. e4 c5 2. Nf3 Nc6 3. d4 cxd4 4. Nxd4 Nf6 5. Nc3 a6 6. Be3 e5 7. Nde2 Be7 8. f3 0-0 9. Qd2 d6 10. g4 Be6 11. Nd5 Bxd5 12. exd5 Na5 13. Ng3 Qc7 14. Nf5 Rfe8 15. Bh6 g6 16. Nxe7+ Rxe7 17. Bg5 Kg7 18. h4 Ree8 19. h5 Nd7 20. hxg6 fxg6 21. Qh2 Rh8 22. Bh6+ Kf7 23. 0-0-0 Rac8 24. Bd3 Qb6 25. Bf5 gxf5 26. Qh5+ Ke7 27. Bg5+ Nf6 28. Bxf6+ Kxf6 29. Qxf5+ Ke7 30. Rxh7+ Rxh7 31. Qxh7+ Kd8 32. Rh1 Qe3+ 33. Kb1 Qxf3 34. g5 Qg2 35. b3 e4 36. Rc1 Qxg5 37. Rf1 1-0

[Event "SLO-chT 28th"]
[Site "Slovenia"]
[Date "2018.12.15"]
[Round "8.2"]
[White "Trcek, Zdenko"]
[Black "Gruskovnjak, Tomislav"]
[Result "0-1"]
[WhiteElo "1829"]
[BlackElo "2269"]
[PlyCount "64"]
[EventDate "2018.11.02"]
[EventType "team-tourn"]
[EventRounds "9"]
[EventCountry "SLO"]
[SourceTitle "CBM 187 Extra"]
[Source "ChessBase"]
[SourceDate "2018.11.04"]
[SourceVersion "1"]
[SourceVersionDate "2018.11.04"]
[SourceQuality "1"]
[WhiteTeam "Vrhnika"]
[BlackTeam "Pomgrad Radenska"]
[WhiteTeamCountry "SLO"]
[BlackTeamCountry "SLO"]

1. d4 d5 2. c4 e6 3. e3 Nf6 4. Nc3 c5 5. dxc5 Bxc5 6. Nf3 0-0 7. cxd5 exd5 8. h3 Nc6 9. Be2 Bf5 10. 0-0 Re8 11. b3 a6 12. Bb2 Qd6 13. Na4 Ba7 14. Bd4 Nxd4 15. Nxd4 Bb8 16. Nf3 Ne4 17. Rc1 Ng5 18. g3 Rxe3 19. Re1 Nxf3+ 20. Bxf3 Rxe1+ 21. Qxe1 Ba7 22. Kg2 Rd8 23. Qd2 Be6 24. Rd1 b5 25. Nc3 d4 26. Be4 Qd7 27. Ne2 Bxh3+ 28. Kh2 Bg4 29. Bd3 Qe6 30. Rc1 Bf3 31. Qg5 Rd5 32. Qxd5 Qh6+ 0-1

[Event "SLO-chT 1st League Central"]
[Site "Ljubljana"]
[Date "2012.10.11"]
[Round "6.1"]
[White "Trcek, Zdenko"]
[Black "Blazincic, Ivan"]
[Result "1-0"]
[WhiteElo "1819"]
[BlackElo "1750"]
[PlyCount "33"]
[EventDate "2012.09.06"]
[EventType "team-swiss"]
[EventRounds "9"]
[EventCountry "SLO"]
[SourceTitle "EXT 2019"]
[Source "ChessBase"]
[SourceDate "2018.10.10"]
[SourceVersion "1"]
[SourceVersionDate "2018.10.10"]
[SourceQuality "1"]
[WhiteTeam "Vrhnika"]
[BlackTeam "Bor Dob"]
[WhiteTeamCountry "SLO"]
[BlackTeamCountry "SLO"]

1. d4 d5 2. c4 Nf6 3. Nc3 dxc4 4. e3 e6 5. Bxc4 Be7 6. Nf3 0-0 7. Qc2 Nc6 8. a3 a6 9. Bd3 b5 10. Ne4 Na5 11. Nxf6+ Bxf6 12. Bxh7+ Kh8 13. Bd2 Nc4 14. Bd3 Nb6 15. Rc1 Ra7 16. Qc5 Qd5 17. Qxf8# 1-0

[Event "Ljubljana-chT 64th 2nd League"]
[Site "Ljubljana"]
[Date "2011.03.03"]
[Round "6.1"]
[White "Trcek, Zdenko"]
[Black "Mlacnik, Franc"]
[Result "1/2-1/2"]
[WhiteElo "1872"]
[BlackElo "2133"]
[PlyCount "111"]
[EventDate "2011.01.13"]
[EventType "team-tourn"]
[EventRounds "9"]
[EventCountry "SLO"]
[SourceTitle "EXT 2022"]
[Source "ChessBase"]
[SourceDate "2021.10.06"]
[SourceVersion "1"]
[SourceVersionDate "2021.10.06"]
[SourceQuality "1"]

1. d4 e6 2. c4 c5 3. e3 Nf6 4. Nc3 Be7 5. Nf3 0-0 6. Bd3 d5 7. dxc5 dxc4 8. Bxc4 Qc7 9. b4 Rd8 10. Qb3 Nc6 11. Nb5 Qb8 12. 0-0 a5 13. bxa5 Bxc5 14. Bb2 Nxa5 15. Qc2 Nxc4 16. Qxc4 b6 17. Qh4 Ba6 18. Be5 Qb7 19. Rfb1 Bxb5 20. Rxb5 Rxa2 21. Rab1 Qd7 22. Nd4 Nd5 23. R5b3 f6 24. Bg3 e5 25. Nf3 Nc3 26. Qc4+ Nd5 27. e4 Ra4 28. Qxd5+ Qxd5 29. exd5 Rxd5 30. Kf1 Kf7 31. R3b2 Ke6 32. Nd2 f5 33. f3 g5 34. Bf2 e4 35. fxe4 fxe4 36. Re1 Kf5 37. g4+ Kxg4 38. Nxe4 Bxf2 39. Nxf2+ Kh4 40. Rxb6 h5 41. Re3 g4 42. Rb2 Ra1+ 43. Re1 Ra3 44. Kg2 Rd4 45. Ne4 Rad3 46. Ng3 Rd2+ 47. Re2 Rxe2+ 48. Rxe2 Rd5 49. Rf2 Ra5 50. Rf5 Ra2+ 51. Kg1 Ra1+ 52. Kf2 Ra2+ 53. Ne2 Rb2 54. Re5 Ra2 55. Ke3 Ra3+ 56. Ke4 1/2-1/2

[Event "SLO-chT Central 1st League 11th"]
[Site "Slovenia"]
[Date "2010.10.07"]
[Round "4.3"]
[White "Trcek, Zdenko"]
[Black "Sivcevic, Nusret"]
[Result "1-0"]
[WhiteElo "1877"]
[BlackElo "1707"]
[PlyCount "101"]
[EventDate "2010.09.09"]
[EventType "team-tourn"]
[EventRounds "9"]
[EventCountry "SLO"]
[SourceTitle "EXT 2022"]
[Source "ChessBase"]
[SourceDate "2021.10.06"]
[SourceVersion "1"]
[SourceVersionDate "2021.10.06"]
[SourceQuality "1"]
[WhiteTeam "Vrhnika II"]
[BlackTeam "Zeleznicar"]
[WhiteTeamCountry "SLO"]
[BlackTeamCountry "SLO"]

1. d4 Nf6 2. c4 e6 3. Nf3 b6 4. Nc3 Bb4 5. Bd2 Bb7 6. e3 Bxc3 7. Bxc3 Ne4 8. Bd3 Nxc3 9. bxc3 Qf6 10. e4 c5 11. 0-0 Nc6 12. d5 Ne5 13. Nxe5 Qxe5 14. Qc2 g5 15. Qd2 0-0-0 16. a4 Kc7 17. a5 Ra8 18. a6 Bc8 19. f4 gxf4 20. Qxf4 Qxf4 21. Rxf4 Rf8 22. e5 d6 23. exd6+ Kxd6 24. Bxh7 Ke5 25. Re4+ Kf6 26. Re3 Rh8 27. Be4 Rb8 28. g3 Bd7 29. Rd1 Rbd8 30. h4 Bc8 31. Rf1+ Ke7 32. Ra1 e5 33. Rf3 f5 34. Bxf5 Bxf5 35. Rxf5 Rhg8 36. Kh2 Rg4 37. Raf1 Rf8 38. d6+ Ke6 39. d7 Rxc4 40. Rf6+ Rxf6 41. d8Q Rxf1 42. Qd3 Rxc3 43. Qxc3 Rf5 44. Qc4+ Kd6 45. Qg4 Rf6 46. Qg7 Re6 47. Qxa7 e4 48. Qxb6+ Kd5 49. Qxe6+ Kxe6 50. a7 e3 51. a8Q 1-0

[Event "Ljubljana-chT 63rd 3rd League"]
[Site "Ljubljana"]
[Date "2010.03.18"]
[Round "9.1"]
[White "Trcek, Zdenko"]
[Black "Kamensek, Ivan"]
[Result "1-0"]
[WhiteElo "1894"]
[BlackElo "1797"]
[PlyCount "101"]
[EventDate "2010.01.07"]
[EventType "team-tourn"]
[EventRounds "10"]
[EventCountry "SLO"]
[SourceTitle "EXT 2022"]
[Source "ChessBase"]
[SourceDate "2021.10.06"]
[SourceVersion "1"]
[SourceVersionDate "2021.10.06"]
[SourceQuality "1"]

1. d4 d5 2. c4 e6 3. Nc3 Nf6 4. e3 c5 5. cxd5 exd5 6. Nf3 Nc6 7. Bb5 a6 8. Bxc6+ bxc6 9. 0-0 Bg4 10. Qa4 Qb6 11. Ne5 Bd7 12. Rd1 c4 13. e4 Ra7 14. exd5 cxd5 15. Nxd7 Rxd7 16. Re1+ Be7 17. Bg5 Qd6 18. Re5 0-0 19. Bxf6 Bxf6 20. Rxd5 Qxd5 21. Nxd5 Rxd5 22. Qxc4 Rfd8 23. Rd1 a5 24. g4 h5 25. h3 g6 26. Kg2 Kg7 27. a3 hxg4 28. hxg4 Rxd4 29. Rxd4 Rxd4 30. Qe2 a4 31. Kg3 g5 32. Qb5 Rf4 33. f3 Rd4 34. b3 axb3 35. Qxb3 Be5+ 36. Kf2 Rd2+ 37. Ke1 Rb2 38. Qd5 Bc3+ 39. Kd1 Bf6 40. a4 Rb4 41. Qc6 Rd4+ 42. Kc2 Rd8 43. a5 Bd4 44. a6 Be3 45. a7 Bxa7 46. Qb7 Re8 47. Qxa7 Re6 48. Qd4+ Kg6 49. Qh8 Re3 50. Qh5+ Kf6 51. Qh6+ 1-0

[Event "Ljubljana-chT 63rd 3rd League"]
[Site "Ljubljana"]
[Date "2010.02.25"]
[Round "6.1"]
[White "Trcek, Zdenko"]
[Black "Bozic, Anton"]
[Result "0-1"]
[WhiteElo "1894"]
[BlackElo "2087"]
[PlyCount "70"]
[EventDate "2010.01.07"]
[EventType "team-tourn"]
[EventRounds "10"]
[EventCountry "SLO"]
[SourceTitle "EXT 2022"]
[Source "ChessBase"]
[SourceDate "2021.10.06"]
[SourceVersion "1"]
[SourceVersionDate "2021.10.06"]
[SourceQuality "1"]

1. d4 Nf6 2. c4 d6 3. Nc3 Nc6 4. a3 e5 5. d5 Nd4 6. e3 Nf5 7. Bd3 Be7 8. Nf3 0-0 9. Qc2 g6 10. h4 h5 11. b4 c6 12. dxc6 bxc6 13. Bb2 Qc7 14. Ne4 a5 15. c5 Ng4 16. cxd6 Bxd6 17. b5 cxb5 18. Qxc7 Bxc7 19. Rc1 Ra7 20. Bxb5 f6 21. 0-0 Bb6 22. Rc6 Bc7 23. Rfc1 Bd7 24. Rxc7 Rxc7 25. Rxc7 Bxb5 26. Nh2 Nxh2 27. Kxh2 Nxh4 28. Bc3 Bd3 29. Nc5 Bf1 30. Bxa5 g5 31. Bb4 Bxg2 32. a4 Rb8 33. Ba3 Rb1 34. Nd7 Rh1+ 35. Kg3 Rh3# 0-1

[Event "Ljubljana-chT 63rd 3rd League"]
[Site "Ljubljana"]
[Date "2010.01.28"]
[Round "4.1"]
[White "Kamensek, Ivan"]
[Black "Trcek, Zdenko"]
[Result "0-1"]
[WhiteElo "1797"]
[BlackElo "1894"]
[PlyCount "62"]
[EventDate "2010.01.07"]
[EventType "team-tourn"]
[EventRounds "10"]
[EventCountry "SLO"]
[SourceTitle "EXT 2022"]
[Source "ChessBase"]
[SourceDate "2021.10.06"]
[SourceVersion "1"]
[SourceVersionDate "2021.10.06"]
[SourceQuality "1"]

1. d4 d5 2. c4 c6 3. Nf3 e6 4. cxd5 exd5 5. Bf4 Nf6 6. Nc3 h6 7. e3 Qa5 8. Bd3 Bg4 9. Qb3 Qb4 10. Qc2 Bxf3 11. gxf3 Nbd7 12. a3 Qa5 13. 0-0 g5 14. Bg3 h5 15. h3 g4 16. fxg4 hxg4 17. hxg4 Nxg4 18. Bf5 Nh6 19. Kg2 Qd8 20. Rh1 Qf6 21. Bxd7+ Kxd7 22. Rh5 Rg8 23. Rah1 Ng4 24. Nxd5 cxd5 25. Rxd5+ Ke8 26. Rc1 Be7 27. Qa4+ Kf8 28. Rc7 Nxe3+ 29. fxe3 Bd6 30. Rxd6 Qxd6 31. Rxf7+ Kxf7 0-1

[Event "Ljubljana-chT 63rd 3rd League"]
[Site "Ljubljana"]
[Date "2010.01.21"]
[Round "3.1"]
[White "Trcek, Zdenko"]
[Black "Racnik, Tone"]
[Result "1/2-1/2"]
[WhiteElo "1894"]
[BlackElo "1845"]
[PlyCount "79"]
[EventDate "2010.01.07"]
[EventType "team-tourn"]
[EventRounds "10"]
[EventCountry "SLO"]
[SourceTitle "EXT 2022"]
[Source "ChessBase"]
[SourceDate "2021.10.06"]
[SourceVersion "1"]
[SourceVersionDate "2021.10.06"]
[SourceQuality "1"]

1. c4 f5 2. d4 e6 3. Nc3 Nf6 4. a3 Be7 5. g3 0-0 6. Bg2 c6 7. d5 d6 8. e3 cxd5 9. cxd5 e5 10. Nge2 Na6 11. 0-0 Nc7 12. b4 Qe8 13. e4 fxe4 14. Nxe4 Nxe4 15. Bxe4 Bh3 16. Re1 Qf7 17. Be3 Bf5 18. Bxf5 Qxf5 19. Rc1 Bg5 20. f4 exf4 21. Bxf4 Qf7 22. Rxc7 Qxc7 23. Bxg5 Qf7 24. Nf4 Rac8 25. Qd4 Rfe8 26. Ne6 Qg6 27. Bf4 Rc2 28. Bxd6 Rec8 29. Rf1 Rc1 30. Bf4 Rxf1+ 31. Kxf1 Qb1+ 32. Kg2 Qc2+ 33. Kh3 Qg6 34. Qe5 h5 35. Qg5 Qf7 36. Be5 g6 37. Nf4 Qd7+ 38. Kg2 Rc2+ 39. Kf3 Qg4+ 40. Qxg4 1/2-1/2

[Event "Ljubljana-chT 63rd 3rd League"]
[Site "Ljubljana"]
[Date "2010.01.14"]
[Round "2.1"]
[White "Leonardi, Caterina"]
[Black "Trcek, Zdenko"]
[Result "0-1"]
[WhiteElo "1627"]
[BlackElo "1894"]
[PlyCount "82"]
[EventDate "2010.01.07"]
[EventType "team-tourn"]
[EventRounds "10"]
[EventCountry "SLO"]
[SourceTitle "EXT 2022"]
[Source "ChessBase"]
[SourceDate "2021.10.06"]
[SourceVersion "1"]
[SourceVersionDate "2021.10.06"]
[SourceQuality "1"]

1. d4 e6 2. c4 Nf6 3. Nc3 d5 4. Nf3 Be7 5. e3 b6 6. cxd5 Nxd5 7. e4 Nxc3 8. bxc3 0-0 9. Bd3 Bb7 10. 0-0 Nd7 11. Rb1 e5 12. Qe2 h6 13. Rd1 exd4 14. cxd4 Rc8 15. h3 Kh8 16. Bb2 Nf6 17. a4 a5 18. Bb5 Bxe4 19. Rbc1 Qd5 20. Ne1 Bb4 21. f3 Bg6 22. Ba3 Rcd8 23. Nd3 Bxd3 24. Rxd3 Nh5 25. Re3 Bd6 26. Re1 Qg5 27. Qc2 Qg3 28. Kf1 Nf4 29. Re4 Qh2 30. Rxf4 Qxf4 31. Re4 Qh2 32. d5 Bc5 33. Ke1 Rxd5 34. Bd3 Rfd8 35. Qc3 Qg1+ 36. Kd2 Rxd3+ 37. Qxd3 Rxd3+ 38. Kxd3 Qd1+ 39. Kc3 Bb4+ 40. Rxb4 axb4+ 41. Kxb4 Qd5 0-1